000 00422nam a22001817a 4500
003 CEME
005 20210628203649.0
008 210318b xxu||||| |||| 00| 0 eng d
020 _a0-7506-1195-2
040 _c.
082 _a621.092 SMI'M
100 _aSmith, Edward H
_966749
245 _aMechanical engineer's
250 _a12TH
260 _aOXFORD
_bBUTTERWORTH
_c1994
300 _aX,1921P
942 _cBK
_2ddc
999 _c574662
_d574662